| 000 | 00540cam a2200145 4500500 | ||
|---|---|---|---|
| 005 | 20251228073327.0 | ||
| 041 | _afre | ||
| 042 | _adc | ||
| 100 | 1 | 0 |
_aLévy, Gérard _eauthor |
| 245 | 0 | 0 | _aLE BOTERF, G. (2004). Travailler en réseau : partager et capitaliser les pratiques professionnelles. Paris : Éditions d’Organisation |
| 260 | _c2005. | ||
| 500 | _a1 | ||
| 786 | 0 | _nSavoirs | 8 | 2 | 2005-06-01 | p. 125b-132b | 1763-4229 | |
| 856 | 4 | 1 | _uhttps://shs.cairn.info/revue-savoirs-2005-2-page-125b?lang=fr&redirect-ssocas=7080 |
| 999 |
_c1595039 _d1595039 |
||